| 000 | 00940nas a2200313 4500 | ||
|---|---|---|---|
| 001 | BR0500690 | ||
| 003 | BR-BrBNA | ||
| 005 | 20231205105120.0 | ||
| 007 | ta | ||
| 008 | 230509b bl.|||p| |||| 00| 00por d | ||
| 040 |
_aBR-BrBNA _bpor _cBiblioteca Nacional de Agricultura |
||
| 041 | _a(Pt) | ||
| 072 | _aK10 | ||
| 100 | 1 | _aPereira, J.A.A. | |
| 100 | 1 | _aBotelho, S.A. | |
| 100 | 1 | _aDavide, A.C. | |
| 245 | 1 | _aDesenvolvimento de espécies florestais de rápido crescimento em diferentes condições de sítio visando a recomposição de matas ciliares | |
| 650 | _aMATA CILIAR | ||
| 650 | _aESSÊNCIA FLORESTAL | ||
| 650 | _aTREMA MICRANTHA | ||
| 650 | _aCRINDIÚVA | ||
| 650 | _aCROTON | ||
| 650 | _aACÁCIA | ||
| 650 | _aREFLORESTAMENTO | ||
| 650 | _aCRESCIMENTO | ||
| 773 | 0 |
_tCerne (Brazil) _xISSN 0104-7760 _g(1999), v. 5(1) p. 36-51 _wBR0500690 |
|
| 909 |
_a202311 _bLúcia _c55 _dLúcia Elande |
||
| 942 |
_2AGRIS _n0 _cANA |
||
| 999 |
_c181321 _d181321 |
||